SOCIETY IN INDIA (Record no. 20959)
[ view plain ]
| 000 -LEADER | |
|---|---|
| fixed length control field | 00300nam a22001337a 4500 |
| 003 - CONTROL NUMBER IDENTIFIER | |
| control field | SGT |
| 020 ## - INTERNATIONAL STANDARD BOOK NUMBER | |
| International Standard Book Number | 9789386042286 |
| 082 ## - DEWEY DECIMAL CLASSIFICATION NUMBER | |
| Classification number | 306.0954 |
| Item number | DAV |
| 100 ## - MAIN ENTRY--PERSONAL NAME | |
| Personal name | MANDELBAUM , DAVID G |
| 245 ## - TITLE STATEMENT | |
| Title | SOCIETY IN INDIA |
| 260 ## - PUBLICATION, DISTRIBUTION, ETC. (IMPRINT) | |
| Place of publication, distribution, etc | HOSUR |
| Name of publisher, distributor, etc | SAGE PUBLICATION |
| Year of Publication | 2016 |
| 300 ## - PAGE DESCRIPTION | |
| No. of Pages | XII , 429 |
| 942 ## - ADDED ENTRY ELEMENTS (KOHA) | |
| Source of classification or shelving scheme | Dewey Decimal Classification |
| Koha item type | Books |
| 942 ## - ADDED ENTRY ELEMENTS (KOHA) | |
| -- | 2 |
| Withdrawn status | Lost status | Source of classification or shelving scheme | Damaged status | Not for loan | Collection code | Home library | Current library | Shelving location | Date acquired | Vendor Name | Cost, normal purchase price | SGTU | Bill Number | Total Checkouts | Full call number | Accession No. (Barcode) | Date last seen | Bill Date | Koha item type | Date last borrowed |
|---|---|---|---|---|---|---|---|---|---|---|---|---|---|---|---|---|---|---|---|---|
| Dewey Decimal Classification | LAW | SGT Science & Social Sciences Library | SGT Science & Social Sciences Library | Text Book | 13/03/2021 | AHUJA BOOK COMPANY | 500.00 | SGTU | 12726 | 306.0954 DAV | FL2552 | 13/03/2021 | 19/02/2021 | Books | ||||||
| Dewey Decimal Classification | LAW | SGT Science & Social Sciences Library | SGT Science & Social Sciences Library | Text Book | 13/03/2021 | AHUJA BOOK COMPANY | 500.00 | SGTU | 12726 | 306.0954 DAV | FL2553 | 13/03/2021 | 19/02/2021 | Books | ||||||
| Dewey Decimal Classification | LAW | SGT Science & Social Sciences Library | SGT Science & Social Sciences Library | Text Book | 13/03/2021 | AHUJA BOOK COMPANY | 500.00 | SGTU | 12726 | 1 | 306.0954 DAV | FL2554 | 09/02/2022 | 19/02/2021 | Books | 29/11/2021 | ||||
| Dewey Decimal Classification | LAW | SGT Science & Social Sciences Library | SGT Science & Social Sciences Library | Text Book | 13/03/2021 | AHUJA BOOK COMPANY | 500.00 | SGTU | 12726 | 306.0954 DAV | FL2555 | 13/03/2021 | 19/02/2021 | Books | ||||||
| Dewey Decimal Classification | LAW | SGT Science & Social Sciences Library | SGT Science & Social Sciences Library | Text Book | 13/03/2021 | AHUJA BOOK COMPANY | 500.00 | SGTU | 12726 | 1 | 306.0954 DAV | FL2556 | 11/10/2021 | 19/02/2021 | Books | 21/09/2021 |